<?xml version="1.0" encoding="UTF-8"?>
<record
    xmlns:xsi="http://www.w3.org/2001/XMLSchema-instance"
    xsi:schemaLocation="http://www.loc.gov/MARC21/slim http://www.loc.gov/standards/marcxml/schema/MARC21slim.xsd"
    xmlns="http://www.loc.gov/MARC21/slim">

  <leader>02534cam a2200421 i 4500</leader>
  <controlfield tag="001">0000649</controlfield>
  <controlfield tag="003">DO-SdBNP</controlfield>
  <controlfield tag="005">20171109102223.0</controlfield>
  <controlfield tag="007">0000649</controlfield>
  <controlfield tag="008">100514s 2003 sp  a   | 000 f spa  </controlfield>
  <datafield tag="015" ind1=" " ind2=" ">
    <subfield code="a"> </subfield>
  </datafield>
  <datafield tag="017" ind1=" " ind2=" ">
    <subfield code="a"> </subfield>
    <subfield code="b"> </subfield>
  </datafield>
  <datafield tag="020" ind1=" " ind2=" ">
    <subfield code="a">9788497510141</subfield>
  </datafield>
  <datafield tag="035" ind1=" " ind2=" ">
    <subfield code="a"> </subfield>
  </datafield>
  <datafield tag="040" ind1=" " ind2=" ">
    <subfield code="a">BPMSU</subfield>
    <subfield code="b">spa</subfield>
    <subfield code="c">BPMSU</subfield>
    <subfield code="e"> </subfield>
  </datafield>
  <datafield tag="080" ind1=" " ind2=" ">
    <subfield code="a"> </subfield>
  </datafield>
  <datafield tag="082" ind1=" " ind2="4">
    <subfield code="a">371.914 </subfield>
    <subfield code="b">A185d</subfield>
  </datafield>
  <datafield tag="100" ind1="1" ind2=" ">
    <subfield code="a">Acosta Rodr&#xED;guez, V&#xED;ctor Manuel</subfield>
  </datafield>
  <datafield tag="245" ind1="1" ind2="0">
    <subfield code="a">Dificultades del lenguaje, colaboraci&#xF3;n e inclusi&#xF3;n educativa </subfield>
    <subfield code="b">manual para logopedas, psicopedagogos y profesores /</subfield>
    <subfield code="c">V&#xED;ctor Manuel Acosta Rodr&#xED;guez, Ana M. Moreno Santana ; colaboradores Manuel almeida Su&#xE1;rez...[et.al] ;pr&#xF3;logo Carmen Garc&#xED;a Pastor</subfield>
  </datafield>
  <datafield tag="250" ind1=" " ind2=" ">
    <subfield code="a">Reimpr. 2010.</subfield>
  </datafield>
  <datafield tag="260" ind1="0" ind2=" ">
    <subfield code="a">Barcelona :</subfield>
    <subfield code="b">Ars Medica,</subfield>
    <subfield code="b">Lexus,</subfield>
    <subfield code="c">2003.</subfield>
  </datafield>
  <datafield tag="300" ind1=" " ind2=" ">
    <subfield code="a">265 p.: </subfield>
    <subfield code="b">il.</subfield>
    <subfield code="c">25 cm</subfield>
  </datafield>
  <datafield tag="490" ind1=" " ind2=" ">
    <subfield code="a">Comunicaci&#xF3;n, lenguaje y logopedia</subfield>
  </datafield>
  <datafield tag="500" ind1=" " ind2=" ">
    <subfield code="a">Incluye &#xED;ndice alfab&#xE9;tico de materias. </subfield>
  </datafield>
  <datafield tag="500" ind1=" " ind2=" ">
    <subfield code="a">Incluye bibliograf&#xED;as  </subfield>
  </datafield>
  <datafield tag="505" ind1="2" ind2=" ">
    <subfield code="t">Funci&#xF3;n social del lenguaje --</subfield>
    <subfield code="t">La orientaci&#xF3;n psicoling&#xFC;istica en el estudio del lenguaje --</subfield>
    <subfield code="t">El lenguaje desde una teor&#xED;a de la acci&#xF3;n: de la teor&#xED;a del significado a la teor&#xED;a de la comunicaci&#xF3;n --</subfield>
    <subfield code="t">Comunicaci&#xF3;n, lenguaje y poder: la dimensi&#xF3;n relacional en el aula --</subfield>
    <subfield code="t">El lenguaje oral como instrumento de mediaci&#xF3;n en la comunicaci&#xF3;n did&#xE1;ctica --</subfield>
    <subfield code="t">Intervenci&#xF3;n en el lenguaje en una escuela inclusiva --</subfield>
    <subfield code="t">Intervenci&#xF3;n colaborativa: logopedas y profesores trabajando juntos --</subfield>
    <subfield code="t">El tratamiento de las dificultades del lenguaje desde la acci&#xF3;n --</subfield>
    <subfield code="t">Identificaci&#xF3;n y evaluaci&#xF3;n de los problemas del lenguaje en ni&#xF1;os con dificultades comunicativas --</subfield>
    <subfield code="t">Evaluaci&#xF3;n del lenguaje. Contexto familiar y escolar --</subfield>
    <subfield code="t">Problemas del lenguaje: impacto en la alfabetizaci&#xF3;n, el rendimiento escolar y la conducta --</subfield>
    <subfield code="t">Interpretaci&#xF3;n educativa del trastorno espec&#xED;fico del lenguaje: consecuencias para la pr&#xE1;ctica en contextos escolares --</subfield>
    <subfield code="t">Lenguaje oral y dificultades de aprendizaje --</subfield>
    <subfield code="t">Autismo, comunicaci&#xF3;n y educaci&#xF3;n --</subfield>
    <subfield code="t">&#xCD;ndice alfab&#xE9;tico de materias --</subfield>
  </datafield>
  <datafield tag="700" ind1="1" ind2="2">
    <subfield code="a">Moreno Santana, Ana M.</subfield>
  </datafield>
  <datafield tag="700" ind1="1" ind2="2">
    <subfield code="a">Almeida Su&#xE1;rez, Manuel</subfield>
    <subfield code="e">col.</subfield>
  </datafield>
  <datafield tag="700" ind1="1" ind2="2">
    <subfield code="a">&#xC1;lvarez N&#xFA;&#xF1;ez, Quint&#xED;n</subfield>
    <subfield code="e">col.</subfield>
  </datafield>
  <datafield tag="700" ind1="1" ind2="2">
    <subfield code="a">Bustos Guada&#xF1;o, Eduardo de</subfield>
    <subfield code="e">col.</subfield>
  </datafield>
  <datafield tag="700" ind1="1" ind2="2">
    <subfield code="a">R&#xED;o, Mar&#xED;a Jos&#xE9; del</subfield>
  </datafield>
  <datafield tag="700" ind1="1" ind2="2">
    <subfield code="a">Garc&#xED;a Pastor, Carmen</subfield>
    <subfield code="e">prol.</subfield>
  </datafield>
  <datafield tag="830" ind1=" " ind2=" ">
    <subfield code="a">Comunicaci&#xF3;n, lenguaje y logopedia</subfield>
  </datafield>
  <datafield tag="910" ind1=" " ind2=" ">
    <subfield code="a">Validado. Control de callidad MFF</subfield>
  </datafield>
  <datafield tag="942" ind1=" " ind2=" ">
    <subfield code="2">ddc</subfield>
    <subfield code="c">BK</subfield>
  </datafield>
  <datafield tag="945" ind1=" " ind2=" ">
    <subfield code="a">Inventariado extranjero / 2017 VM</subfield>
  </datafield>
  <datafield tag="952" ind1=" " ind2=" ">
    <subfield code="0">0</subfield>
    <subfield code="1">0</subfield>
    <subfield code="2">ddc</subfield>
    <subfield code="4">0</subfield>
    <subfield code="7">0</subfield>
    <subfield code="8">CG</subfield>
    <subfield code="a">BPMET</subfield>
    <subfield code="b">BPMET</subfield>
    <subfield code="d">2016-09-02</subfield>
    <subfield code="e"> </subfield>
    <subfield code="l">0</subfield>
    <subfield code="o">371.914  A185d</subfield>
    <subfield code="p">BPMSU16090080</subfield>
    <subfield code="r">2016-09-02</subfield>
    <subfield code="w">2016-09-02</subfield>
    <subfield code="y">BK</subfield>
  </datafield>
  <datafield tag="952" ind1=" " ind2=" ">
    <subfield code="0">0</subfield>
    <subfield code="1">0</subfield>
    <subfield code="2">ddc</subfield>
    <subfield code="4">0</subfield>
    <subfield code="7">0</subfield>
    <subfield code="8">CG</subfield>
    <subfield code="a">BPMET</subfield>
    <subfield code="b">BPMET</subfield>
    <subfield code="d">2016-09-02</subfield>
    <subfield code="e"> </subfield>
    <subfield code="l">0</subfield>
    <subfield code="o">371.914  A185d</subfield>
    <subfield code="p">BPMSU16090081</subfield>
    <subfield code="r">2016-09-02</subfield>
    <subfield code="t">e. 2</subfield>
    <subfield code="w">2016-09-02</subfield>
    <subfield code="y">BK</subfield>
  </datafield>
  <datafield tag="956" ind1=" " ind2=" ">
    <subfield code="a">YLOCKWARD</subfield>
    <subfield code="8">10</subfield>
    <subfield code="c">BPMSU</subfield>
  </datafield>
  <datafield tag="999" ind1=" " ind2=" ">
    <subfield code="c">11293</subfield>
    <subfield code="d">11293</subfield>
  </datafield>
</record>
